[Event "DVM U14w 2014"]
[Site "Regensburg GER"]
[Date "2014.12.27"]
[Round "2"]
[White "Reinbold, Sorah Marie"]
[Black "Hauner, Sara-Marie"]
[Result "1/2-1/2"]
[Termination "normal"]
[Board "9.4"]
[WhiteElo "869"]
[BlackElo "756"]
[WhiteTeam "SK Endingen"]
[BlackTeam "SC Bavaria Regensburg"]
[PlyCount "154"]
[WhiteFideId "12983497"]
[BlackFideId "16200578"]
[EventCountry "GER"]
[EventRounds "7"]
[EventType "team-swiss"]
[EventDate "2014.12.26"]

1. e4 e5 2. Nf3 Nc6 3. Bc4 Bc5 4. c3 Nf6 5. d4 exd4 6. cxd4 Bb4+ 7. Nc3 Bxc3+
8. bxc3 Nxe4 9. O-O O-O 10. Qd3 d5 11. Bb3 Bg4 12. Bc2 Re8 13. Ng5 Nxg5 14.
Bxg5 Qxg5 15. Qxh7+ Kf8 16. Qh8+ Ke7 17. Rfe1+ Be6 18. Qh7 Rh8 19. Qd3 Qh4 20.
h3 Kd7 21. Bb3 Rad8 22. c4 Nb4 23. Qc3 a5 24. Qf3 Qh5 25. Qg3 g6 26. Re5 Qh4
27. Qf3 Qxd4 28. Rae1 Rh5 29. Rxh5 gxh5 30. Qxh5 Rh8 31. Qg5 dxc4 32. Rd1 Nd3
33. Bc2 Qxf2+ 34. Kh1 Qxc2 35. Rg1 Qxa2 36. Qe3 Nf2+ 37. Kh2 Nxh3 38. Qd4+ Ke7
39. Qxh8 Nxg1 40. Kxg1 c3 41. Qxc3 c6 42. Qc5+ Kd7 43. Qd4+ Ke8 44. Qe4 a4 45.
Qe5 Qb1+ 46. Kh2 a3 47. Qh8+ Ke7 48. Qh4+ Kd7 49. Qd4+ Kc8 50. Qh8+ Kc7 51.
Qe5+ Kd7 52. Qd4+ Bd5 53. Qg4+ Kc7 54. Qg3+ Kd7 55. Qxa3 Qh7+ 56. Kg1 Qg6 57.
Qh3+ Ke8 58. Qc8+ Ke7 59. Qxb7+ Kf8 60. Qb8+ Kg7 61. Qb2+ Kh7 62. Qf2 Qb1+ 63.
Kh2 Qb8+ 64. g3 Qc8 65. Qc2+ Kg8 66. Qc3 Qf5 67. Qd4 Qh5+ 68. Kg1 Qh3 69. Qd2
Qxg3+ 70. Kf1 Bc4+ 71. Qe2 Bxe2+ 72. Kxe2 c5 73. Kd2 c4 74. Kc2 f5 75. Kd2 f4
76. Ke2 f3+ 77. Kf1 c3 1/2-1/2